000
00296nam a22001217a 4500
082
_a
621.38132 MIC'R
100
_a
RAGAN, GEORGE L
_9
73681
245
_a
MICROWAVE TRANSMISSION CIRCUITS
260
_a
NEWYORK
_b
MCGRAW HILL
_c
1948
300
_a
725P
650
_a
ACC NO-16533
_9
73682
942
_c
BK
999
_c
579333
_d
579333